00338pab a2200121 454500008004000000100001800040245007200058260000900130300001100139362000900150650001000159773004700169180718b1988 xxu||||| |||| 00| 0 eng d aThomas, Janet aWomen and capitalismbOppression or emanicipation? a review article c1988 a534-49 aJul. aWomen aComparative Studies in Society and History